Loading...

Medical immunology /

Bibliographic Details
Main Author: Parslow, T G .
Format: Printed Book
Published: Boston : Mac Graw Hill , 2001.
Edition:10 ed. /
Subjects:
LEADER 00470cam a2200157ua 4500
020 |a 0-07-112067-X 
082 1 4 |a 616.079  |b PAR-M 
100 1 |a Parslow, T G . 
245 1 0 |a Medical immunology /  
250 |a 10 ed. /  
260 |a Boston :   |b Mac Graw Hill ,   |c 2001. 
300 |a 814p. ;  
650 0 |a Immunology 
942 |c BK 
999 |c 24021  |d 24021 
952 |0 0  |1 0  |4 0  |6 616_079000000000000_PARM  |7 0  |9 30213  |a KU  |b KU  |d 2015-07-05  |l 20  |o 616.079 PAR-M  |p LS00266  |r 2019-11-13  |s 2019-10-25  |y BK